Statystyki dla jeżeli odpowiesz na wszystkie pytania to ty jesteś geniuszem

Kliknij tutaj aby rozwiązać quiz!

Ogólne statystyki

  • Ten quiz został rozwiązany 53 razy
  • Średni wynik to 5 z 10

Statystyki odpowiedzi

ZagadnienieOdpowiedź% Poprawnych
Jakim traktatem skończyła się 1 wojna światowa?Wersalskim
84%
Jakie miasto było stolicą Imperium Osmańskiego ?Stambul
82%
jaki jest najgłówniejszy składnik sushi ?ryż
68%
jaką nazwę nosi największy ocean na ziemi ?Spokojny
53%
jakie kraje podzielili między sobą Niemcy ?Wielka Brytania, Stany Zjednoczone, ZSRR ,Francja
53%
ile jest powiatów w Polsce ?314
50%
co z przeliczonego jest wirusemHIV
50%
ile będzie √12 + √12 ?12
29%
co tu jest nie tak ? napisz w komentarzu a odpowiedż 1
26%
jaka marka samochodu wykorzystywała silnik rotary ?Mazda
18%

Rozkład punktacji

Percentyl według liczby udzielonych odpowiedzi

Procent ludzi z każdym wynikiem

Twoja historia wyników

Nie rozwiązałeś tego quizu